MARC

LEADER 00000nam0a2200000 4500
001 283890
005 20231101235636.0
035 |a (RuTPU)RU\TPU\book\308027 
090 |a 283890 
100 |a 20150211d1985 m y0rusy50 ca 
101 0 |a rus 
102 |a RU 
105 |a y j 000zy 
200 1 |a История Коммунистической партии Советского Союза  |f Б. Н. Пономарев [и др.] 
205 |a 7-е изд., доп. 
210 |a Москва  |c Политиздат  |d 1985 
215 |a 783 с.  |c ил. 
606 1 |a КПСС  |x История  |2 stltpush  |3 (RuTPU)RU\TPU\subj\75563  |9 87279 
610 1 |a рабочее движение 
610 1 |a марксизм 
610 1 |a РСДРП 
610 1 |a большевизм 
610 1 |a революция 1905-1907 
610 1 |a съезды 
610 1 |a пленумы 
610 1 |a конференции 
610 1 |a Первая мировая война 1914-1918 
610 1 |a Октябрьская революция 1917 
610 1 |a Советская власть 
610 1 |a ленинский этап 
610 1 |a Гражданская война 1918-1921 
610 1 |a СССР 
610 1 |a народное хозяйство 
610 1 |a восстановление 
610 1 |a коллективизация 
610 1 |a индустриализация 
610 1 |a социализм 
610 1 |a Великая Отечественная война 1941-1945 
610 1 |a мировая система социализма 
610 1 |a социалистическое содружество 
610 1 |a 24 съезд 
610 1 |a учебники 
686 |a Ф61(2)2я73  |v LBC/SL-A  |2 rubbk 
701 1 |a Пономарев  |b Б. Н. 
701 1 |a Волин  |b М. С. 
701 1 |a Зайцев  |b В. С. 
701 1 |a Маслов  |b Н. Н. 
801 1 |a RU  |b 63413507  |c 20150211 
801 2 |a RU  |b 63413507  |c 20170928  |g RCR 
942 |c BK